El Conde Kostia /

Guardat en:
Dades bibliogràfiques
Autor principal: Cherbuliez, Victor (autor)
Format: Llibre
Idioma:espanyol
Publicat: Buenos Aires, Argentina : Espasa-Calpe, 1951, c1951
Col·lecció:(Austral ; 1042)
Matèries:
Etiquetes: Afegir etiqueta
Sense etiquetes, Sigues el primer a etiquetar aquest registre!

MARC

LEADER 00000nam^a2200000^a^4500
001 000312409
005 20250521000000.0
008 110714 19511951
009 20260526135914.486
037 |a Acervo Xavier Clavigero 
041 |a ESP 
082 |a 808.  |b AUS V. 1042 
100 |a Cherbuliez, Victor  |e (autor) 
245 1 3 |a El Conde Kostia /  |c V. Cherbuliez ; tr. por Nicolás González Ruiz. 
264 4 |a Buenos Aires, Argentina :  |b Espasa-Calpe,  |c 1951, c1951 
300 |a 282 p. 
336 |a texto  |b txt  |2 rdacontenido 
337 |a sin mediación  |b n  |2 rdamedio 
338 |a volumen  |b nc  |2 rdasoporte 
440 1 |a (Austral ;  |v 1042) 
649 |a XX 
650 |a Novela Francesa 
650 |a Literatura Francesa -  |y Siglo XIX 
910 |a Fondo General 
920 |a Impresos - Libros 
930 |a Colección General 
940 |a Literatura 
905 |a 101 
901 |a 061361  |b IT1  |c LIT  |u 20250521 
902 |a https://opac.biblio.iteso.mx/vufind/Record/000312409